大阪駅から出る列車の定期の行先 - Statistics

General Stats
  • This quiz has been taken 183 times
  • The average score is 67 of 101
Answer Stats
路線名 答え % Correct
JR西日本大阪環状線 | 大阪メトロ御堂筋線 天王寺
94%
JR西日本きのくに線,関西空港線特急 | JR西日本大阪環状線 関西空港
93%
JR西日本きのくに線,関西空港線特急 | JR西日本京都線 京都
93%
JR西日本きのくに線,関西空港線特急 | JR西日本大阪環状線 和歌山
91%
JR西日本きのくに線,関西空港線特急 | JR西日本京都線 | 大阪メトロ御堂筋線 新大阪
90%
JR西日本宝塚線 | 阪急宝塚線 宝塚
90%
JR西日本おおさか東線 | JR西日本大阪環状線 奈良
89%
JR西日本京都線 米原
89%
JR西日本神戸線 姫路
89%
JR西日本神戸線 神戸
89%
JR西日本おおさか東線 久宝寺
88%
JR西日本京都線 高槻
86%
JR西日本京都線 敦賀
86%
JR西日本宝塚線 福知山
84%
JR西日本神戸線 | 阪神本線 尼崎
84%
JR西日本大阪環状線 京橋
83%
JR西日本きのくに線,関西空港線特急 | JR西日本京都線 野洲
83%
JR西日本神戸線 播州赤穂
81%
JR西日本大阪環状線 日根野
80%
JR西日本京都線 草津
78%
JR西日本大阪環状線 桜島
77%
JR西日本神戸線 西明石
77%
JR西日本宝塚線 新三田
76%
JR西日本きのくに線,関西空港線特急 新宮
75%
JR西日本大阪環状線 御坊
73%
JR西日本宝塚線 篠山口
73%
JR西日本神戸線 加古川
72%
阪急京都線 京都河原町
72%
阪急神戸線 | 阪神本線 神戸三宮
71%
JR西日本大阪環状線 加茂
70%
JR西日本きのくに線,関西空港線特急 白浜
70%
JR西日本京都線 長浜
70%
JR西日本京都線 近江塩津
70%
JR西日本京都線 近江今津
69%
阪神本線 甲子園
69%
阪神本線 西宮
69%
JR西日本神戸線 上郡
67%
阪急神戸線 | 阪神本線 高速神戸
67%
阪急神戸線 | 阪神本線 新開地
67%
大阪メトロ御堂筋線 なかもず
67%
JR西日本神戸線 鳥取
66%
阪急京都線 高槻市
65%
阪神本線 山陽姫路
63%
JR西日本宝塚線 城崎温泉
62%
阪急神戸線 西宮北口
62%
JR西日本宝塚線 | JR西日本神戸線 豊岡
61%
阪急京都線
61%
JR西日本大阪環状線
60%
JR西日本神戸線 甲子園口
60%
阪急宝塚線 雲雀丘花屋敷
60%
阪急京都線 茨木市
60%
JR西日本神戸線 網干
59%
JR西日本神戸線 須磨
59%
大阪メトロ四つ橋線 住之江公園
59%
大阪メトロ御堂筋線 江坂
59%
大阪メトロ御堂筋線 中津
58%
JR西日本神戸線 倉吉
57%
大阪メトロ御堂筋線 箕面萱野
57%
JR西日本京都線 東京
56%
大阪メトロ谷町線 大日
56%
大阪メトロ谷町線 八尾南
55%
阪急宝塚線 豊中
53%
阪急宝塚線 川西能勢口
53%
阪急京都線 北千里
53%
JR西日本大阪環状線 海南
51%
阪急京都線 正雀
51%
JR西日本大阪環状線 五条
50%
JR西日本大阪環状線 東岸和田
50%
阪神本線 元町
50%
JR西日本京都線 吹田
49%
阪急宝塚線 池田
48%
阪急宝塚線 日生中央
48%
阪神本線 御影
48%
JR西日本京都線 高山
46%
阪神本線 須磨浦公園
46%
大阪メトロ御堂筋線 新金岡
46%
JR西日本きのくに線,関西空港線特急 紀伊田辺
45%
大阪メトロ四つ橋線 北加賀屋
45%
大阪メトロ御堂筋線 あびこ
43%
JR西日本大阪環状線 高田
42%
大阪メトロ谷町線 喜連瓜破
40%
大阪メトロ谷町線 都島
40%
JR西日本神戸線 出雲市
37%
大阪メトロ谷町線 文の里
37%
JR西日本神戸線 浜坂
35%
阪神本線 東須磨
34%
JR西日本神戸線 香住
31%
No matching quizzes found
Score Distribution
Percent of People with Each Score
Percentile by Number Answered
Your Score History
You have not taken this quiz